00657 2200265 4500001002100000005001500021035002000036007000300056008004100059040001700100100001500117245005200132250001100184300002800195020002200223041000800245082001000253084001600263090002100279260003600300600001000336850001000346990001500356990002000371INLIS00000000000320720260528010023 a0010-0421000030ta260528 0  aSBPUPADbind0 aAzwar Anas1 aKamus Bahasa Indonesia Terlengkap /cAzwar Anas aCet. 1 aviii, 204 hlm. ;c12 cm a978-602-7900-23-3 aind a410.3 a410.3 AZW k a410.3 AZW k 15-2 aYogyakarta :bMitra Buku,c2013 4akamus aPUPAD a220/B/2013 a219/B/KAPD/2013